[Event "25. Copenhagen Open  (Politiken Cup)"]
[Site "Copenhagen"]
[Date "2003.07.19"]
[Round "6"]
[White "Tidman, Sophie E"]
[Black "Rohrmueller, Ulrich"]
[Result "1-0"]
[WhiteElo "2126"]
[BlackElo "2268"]
[PlyCount "41"]
[EventDate "2003.07.14"]
[EventType "swiss"]
[EventRounds "11"]
[EventCountry "DEN"]
[SourceDate "2004.01.01"]

1. e4 e6 2. d4 d5 3. e5 c5 4. c3 Nc6 5. Nf3 Bd7 6. Be2 Nge7 7. Na3 Ng6 8. O-O
cxd4 9. cxd4 Be7 10. Nc2 O-O 11. Bd3 Rc8 12. g3 a5 13. h4 Qb6 14. h5 Nh8 15.
Ng5 f5 16. exf6 Rxf6 17. Nxh7 Nxd4 18. Nxf6+ Bxf6 19. Be3 Kf8 20. h6 gxh6 21.
Qg4 1-0

[Event "25. Copenhagen Open  (Politiken Cup)"]
[Site "Copenhagen"]
[Date "2003.07.19"]
[Round "6"]
[White "Trarup, Jorgen"]
[Black "Knudsen, Erik"]
[Result "1-0"]
[WhiteElo "1360"]
[BlackElo "1105"]
[PlyCount "91"]
[EventDate "2003.07.14"]
[EventType "swiss"]
[EventRounds "11"]
[EventCountry "DEN"]
[SourceDate "2004.01.01"]

1. e4 d5 2. exd5 Qxd5 3. Nc3 Qa5 4. d3 Nf6 5. Bd2 c6 6. Ne4 Qe5 7. Bc3 Qe6 8.
Qf3 Ng4 9. Be2 Ne5 10. Qe3 Ned7 11. h3 f5 12. Ng5 Qxe3 13. fxe3 Nf6 14. O-O-O
Nd5 15. Bd2 g6 16. d4 Bh6 17. h4 Nd7 18. c4 N5f6 19. Ne6 Kf7 20. Ng5+ Bxg5 21.
hxg5 Ne4 22. Rh4 Nxd2 23. Kxd2 a5 24. Nf3 Nb6 25. Rdh1 Kg7 26. Ne5 Be6 27. Kc2
Rad8 28. g3 Nd7 29. Nxd7 Bxd7 30. c5 Be6 31. a3 Bd5 32. R1h2 Be4+ 33. Kc3 Rde8
34. Bd3 Bxd3 35. Kxd3 Rd8 36. Kc4 e5 37. dxe5 Rde8 38. Rd4 Rxe5 39. Rd7+ Kg8
40. Rhd2 Rd5 41. R2xd5 cxd5+ 42. Kxd5 Kf8 43. Rxb7 Rg8 44. Rb8+ Kf7 45. Rxg8
Kxg8 46. Kd6 1-0

[Event "25. Copenhagen Open  (Politiken Cup)"]
[Site "Copenhagen"]
[Date "2003.07.19"]
[Round "6"]
[White "Vik Hansen, Rune"]
[Black "Fogh, Jens Olaf Svanholm"]
[Result "0-1"]
[WhiteElo "1787"]
[BlackElo "1568"]
[PlyCount "44"]
[EventDate "2003.07.14"]
[EventType "swiss"]
[EventRounds "11"]
[EventCountry "DEN"]
[SourceDate "2004.01.01"]

1. e4 e5 2. Nf3 Nc6 3. Bc4 Nf6 4. Ng5 d5 5. exd5 Na5 6. Bb5+ c6 7. dxc6 bxc6 8.
Be2 h6 9. Nf3 e4 10. Ne5 Bc5 11. O-O Qd6 12. Ng4 Bxg4 13. Bxg4 h5 14. Bh3 g5
15. d4 Bxd4 16. Bxg5 Ng4 17. Bxg4 hxg4 18. g3 Bxf2+ 19. Kxf2 Rxh2+ 20. Ke3 Nc4+
21. Kxe4 Qe5+ 22. Kd3 Nxb2# 0-1

[Event "25. Copenhagen Open  (Politiken Cup)"]
[Site "Copenhagen"]
[Date "2003.07.19"]
[Round "6"]
[White "Ward, Christopher"]
[Black "Skjoldborg, Jesper"]
[Result "1/2-1/2"]
[WhiteElo "2531"]
[BlackElo "2253"]
[PlyCount "102"]
[EventDate "2003.07.14"]
[EventType "swiss"]
[EventRounds "11"]
[EventCountry "DEN"]
[SourceDate "2004.01.01"]

1. d4 Nf6 2. c4 c5 3. d5 b5 4. a4 b4 5. Nd2 e5 6. b3 d6 7. Bb2 g6 8. g3 Bg7 9.
e4 a5 10. Bg2 Ra7 11. h4 Re7 12. Bf3 h5 13. Qe2 Bg4 14. Nh3 Nbd7 15. Ng5 Nf8
16. Nf1 N8h7 17. Bc1 Nxe4 18. Nxe4 Bxf3 19. Qxf3 f5 20. Bg5 Nxg5 21. hxg5 fxe4
22. Qxe4 Kd7 23. Qxg6 e4 24. O-O-O Qf8 25. Rh2 Qf3 26. Ne3 Qe2 27. Rd2 Qe1+ 28.
Nd1 Bc3 29. Rc2 e3 30. Qf5+ Kc7 31. fxe3 Rxe3 32. Qf2 Rxg3 33. Qxe1 Bxe1 34.
Rce2 Bc3 35. Nxc3 Rxc3+ 36. Kb2 Rg3 37. Re7+ Kd8 38. Ra7 Re8 39. Ra8+ Kd7 40.
Ra7+ Kd8 41. Rf2 Rxg5 42. Ra8+ Ke7 43. Rxa5 Reg8 44. Ra7+ Ke8 45. Ra8+ Ke7 46.
Ra7+ Ke8 47. Re2+ Kd8 48. Ra8+ Kd7 49. Ra7+ Kd8 50. Ra6 Kd7 51. Ra7+ Kd8
1/2-1/2

[Event "25. Copenhagen Open  (Politiken Cup)"]
[Site "Copenhagen"]
[Date "2003.07.19"]
[Round "6"]
[White "Wilsbeck, Jan Borge"]
[Black "Schmied, Andreas"]
[Result "1/2-1/2"]
[WhiteElo "1975"]
[BlackElo "2124"]
[PlyCount "80"]
[EventDate "2003.07.14"]
[EventType "swiss"]
[EventRounds "11"]
[EventCountry "DEN"]
[SourceDate "2004.01.01"]

1. e4 c5 2. Nf3 Nc6 3. d4 cxd4 4. Nxd4 g6 5. c4 Nf6 6. Nc3 d6 7. Be2 Nxd4 8.
Qxd4 Bg7 9. O-O O-O 10. Rb1 Be6 11. f4 Ng4 12. e5 dxe5 13. Qxd8 Rfxd8 14. h3
Nh6 15. fxe5 Nf5 16. Bf4 Nd4 17. b3 Bf5 18. Rbe1 Bc2 19. Rc1 Nxe2+ 20. Nxe2 Bd3
21. Rfe1 Bxe2 22. Rxe2 Rd4 23. g3 Rad8 24. Kf2 Rd1 25. Rxd1 Rxd1 26. Ke3 e6 27.
Rd2 Rxd2 28. Kxd2 Kf8 29. Kd3 Ke8 30. Ke4 Kd7 31. Be3 a6 32. Bc5 Kc6 33. Bd6
Bh6 34. Bb4 Bc1 35. Bc3 Kc5 36. g4 Bg5 37. Kd3 Bf4 38. a4 Kc6 39. Ke4 Bh6 40.
Kd4 Bg5 1/2-1/2

[Event "25. Copenhagen Open  (Politiken Cup)"]
[Site "Copenhagen"]
[Date "2003.07.19"]
[Round "6"]
[White "Zachariassen, John"]
[Black "Christensen, Christian"]
[Result "0-1"]
[WhiteElo "1781"]
[BlackElo "2113"]
[PlyCount "52"]
[EventDate "2003.07.14"]
[EventType "swiss"]
[EventRounds "11"]
[EventCountry "DEN"]
[SourceDate "2004.01.01"]

1. c4 e5 2. Nc3 Nf6 3. g3 Bb4 4. Bg2 O-O 5. Nf3 e4 6. Ng5 Bxc3 7. bxc3 Re8 8.
O-O d5 9. cxd5 h6 10. Nh3 Nxd5 11. c4 Nb6 12. d3 exd3 13. exd3 Bf5 14. Nf4 Nc6
15. Bb2 Nd4 16. Bxb7 Rb8 17. Bg2 Ne6 18. Nd5 Nxd5 19. cxd5 Rxb2 20. dxe6 Rxe6
21. d4 Ree2 22. Qa4 Red2 23. d5 Bd3 24. Rfe1 Qf6 25. Qe8+ Kh7 26. Be4+ g6 0-1

[Event "25. Copenhagen Open  (Politiken Cup)"]
[Site "Copenhagen"]
[Date "2003.07.19"]
[Round "6"]
[White "Ostergaard, Rasmus"]
[Black "Kaaber Hansen, Jacob"]
[Result "1-0"]
[WhiteElo "2166"]
[BlackElo "2032"]
[PlyCount "51"]
[EventDate "2003.07.14"]
[EventType "swiss"]
[EventRounds "11"]
[EventCountry "DEN"]
[SourceDate "2004.01.01"]

1. d4 d5 2. c4 c6 3. Nf3 Nf6 4. Nc3 dxc4 5. a4 Na6 6. e4 Bg4 7. Bxc4 e6 8. O-O
Nb4 9. Be3 Be7 10. Qd2 O-O 11. Ne5 Bh5 12. f3 Nd7 13. Nxd7 Qxd7 14. g4 Bg6 15.
f4 h6 16. f5 Bh7 17. Rad1 Rad8 18. Qf2 Kh8 19. Kh1 Bg8 20. e5 f6 21. Rd2 Qc8
22. Qh4 Kh7 23. exf6 Rxf6 24. g5 Rxf5 25. g6+ Kxg6 26. Qxe7 1-0

[Event "25. Copenhagen Open  (Politiken Cup)"]
[Site "Copenhagen"]
[Date "2003.07.20"]
[Round "7"]
[White "Abrahamsson, Daniel"]
[Black "Hasling, Rolf Hjortkjaer"]
[Result "0-1"]
[WhiteElo "1671"]
[BlackElo "2040"]
[PlyCount "100"]
[EventDate "2003.07.14"]
[EventType "swiss"]
[EventRounds "11"]
[EventCountry "DEN"]
[SourceDate "2004.01.01"]

1. d4 d5 2. c4 c6 3. Nf3 e6 4. Qc2 Nf6 5. Bg5 Be7 6. e3 O-O 7. Nc3 Nbd7 8. a3
a5 9. cxd5 exd5 10. Bd3 Re8 11. Ne5 h6 12. h4 Nxe5 13. dxe5 Ng4 14. Bf4 Bxh4
15. g3 Bg5 16. O-O-O Bxf4 17. exf4 b5 18. Nxd5 cxd5 19. Bxb5 Re7 20. Kb1 Qb6
21. Bd3 Nxf2 22. Rc1 Nxd3 23. Qxd3 Rb8 24. Rc2 Qa6 25. Qxa6 Bxa6 26. Rc5 Bd3+
27. Ka1 Reb7 28. Rh2 Rb5 29. Rc1 Be4 30. Rd2 Rb3 31. Rg1 Rd3 32. Rf2 Rbb3 33.
Rgf1 Rxg3 34. f5 Rgf3 35. e6 fxe6 36. fxe6 Kf8 37. Rc1 Rxf2 38. Rc7 Rb8 39. a4
Re8 40. Ra7 Rxe6 41. Rxa5 Rc6 42. Ra8+ Kf7 43. Ka2 Rb6 44. Ka3 Rf3+ 45. Ka2
Rfb3 46. a5 Rxb2+ 47. Ka1 Rb1+ 48. Ka2 R6b2+ 49. Ka3 Rb7 50. a6 Ra1# 0-1

[Event "25. Copenhagen Open  (Politiken Cup)"]
[Site "Copenhagen"]
[Date "2003.07.20"]
[Round "7"]
[White "Anders, Maik"]
[Black "Nielsen, Poul Bang"]
[Result "1/2-1/2"]
[WhiteElo "1558"]
[BlackElo "1100"]
[PlyCount "51"]
[EventDate "2003.07.14"]
[EventType "swiss"]
[EventRounds "11"]
[EventCountry "DEN"]
[SourceDate "2004.01.01"]

1. d4 f5 2. Nf3 Nf6 3. g3 d6 4. c4 g6 5. Bg2 Bg7 6. Nc3 O-O 7. O-O Nbd7 8. Ng5
Nb6 9. b3 h6 10. Nf3 Qe8 11. Qc2 c6 12. e4 fxe4 13. Nxe4 Bf5 14. Nxf6+ exf6 15.
Qd2 Qd7 16. Ba3 g5 17. Rae1 Rfe8 18. Rxe8+ Rxe8 19. Re1 Nc8 20. Rxe8+ Qxe8 21.
d5 c5 22. Bb2 Qd7 23. Bf1 Be4 24. Ne1 Bf5 25. Bd3 Bh3 26. f3 1/2-1/2

[Event "25. Copenhagen Open  (Politiken Cup)"]
[Site "Copenhagen"]
[Date "2003.07.20"]
[Round "7"]
[White "Andersen, Erik Rune Egede"]
[Black "Dalso, Harry"]
[Result "1-0"]
[WhiteElo "2109"]
[BlackElo "1802"]
[PlyCount "59"]
[EventDate "2003.07.14"]
[EventType "swiss"]
[EventRounds "11"]
[EventCountry "DEN"]
[SourceDate "2004.01.01"]

1. e4 Nf6 2. d3 Nc6 3. Nf3 e5 4. c3 Bc5 5. b4 Bd6 6. Nbd2 Ne7 7. Nc4 Ng6 8. h4
h5 9. Bg5 b5 10. Ne3 Be7 11. a4 c6 12. axb5 cxb5 13. Be2 d6 14. O-O Ng4 15. Nf5
f6 16. Bd2 Kf8 17. g3 Qb6 18. Ne1 Rh7 19. Nc2 d5 20. Nce3 Nh8 21. Nxd5 Qb7 22.
Nfxe7 Be6 23. f3 Nh6 24. Be3 g6 25. Bc5 Kf7 26. f4 f5 27. fxe5 Bxd5 28. exd5
Ke8 29. d6 N8f7 30. Bf3 1-0

[Event "25. Copenhagen Open  (Politiken Cup)"]
[Site "Copenhagen"]
[Date "2003.07.20"]
[Round "7"]
[White "Andersen, Kaare Vissing"]
[Black "De Andres Gonalons, Fernando"]
[Result "1-0"]
[WhiteElo "2245"]
[BlackElo "2112"]
[PlyCount "77"]
[EventDate "2003.07.14"]
[EventType "swiss"]
[EventRounds "11"]
[EventCountry "DEN"]
[SourceDate "2004.01.01"]

1. e4 e6 2. d3 d5 3. Nd2 c5 4. g3 Nf6 5. Bg2 Nc6 6. Ngf3 Be7 7. O-O O-O 8. Re1
b5 9. e5 Nd7 10. Nf1 a5 11. h4 b4 12. N1h2 Ba6 13. Bf4 a4 14. h5 Bb5 15. Nd2 a3
16. b3 Rc8 17. Rc1 Kh8 18. Qg4 Nd4 19. Nhf3 Nf5 20. Qh3 Nb8 21. g4 Nh6 22. g5
Nf5 23. Nf1 Be8 24. Ng3 Nxg3 25. Qxg3 Nc6 26. Be3 Nd4 27. Bxd4 cxd4 28. Bh3 Bd7
29. Kh1 Qb6 30. Rg1 Rc3 31. Qf4 Qc7 32. Nxd4 Qb6 33. Rg3 Bc5 34. Ne2 Bxf2 35.
Rf3 Bc5 36. h6 d4 37. hxg7+ Kxg7 38. Qf6+ Kg8 39. Bg2 1-0

[Event "25. Copenhagen Open  (Politiken Cup)"]
[Site "Copenhagen"]
[Date "2003.07.20"]
[Round "7"]
[White "Auchenberg, Einar"]
[Black "Zachariassen, John"]
[Result "1/2-1/2"]
[WhiteElo "1549"]
[BlackElo "1781"]
[PlyCount "103"]
[EventDate "2003.07.14"]
[EventType "swiss"]
[EventRounds "11"]
[EventCountry "DEN"]
[SourceDate "2004.01.01"]

1. d4 g6 2. Nc3 Bg7 3. e4 d6 4. f4 a6 5. Bc4 Nc6 6. Nf3 Nf6 7. e5 Ng4 8. h3 Nh6
9. g4 e6 10. Bd3 f5 11. g5 Nf7 12. Be3 b5 13. h4 Bb7 14. d5 Ncxe5 15. fxe5 dxe5
16. dxe6 Nd6 17. Be2 f4 18. Bc5 O-O 19. Nd5 Re8 20. e7 Qd7 21. Nf6+ Bxf6 22.
gxf6 Qe6 23. Bxd6 cxd6 24. f7+ Qxf7 25. Qxd6 Qxe7 26. O-O-O e4 27. Ng5 f3 28.
Bxf3 exf3 29. Rhf1 Rad8 30. Qxe7 Rxd1+ 31. Kxd1 Rxe7 32. Nxf3 Bxf3+ 33. Rxf3 h6
34. a4 Re5 35. axb5 axb5 36. Rf4 Kg7 37. b4 g5 38. Rg4 Kf6 39. hxg5+ hxg5 40.
Kd2 Kf5 41. Rd4 g4 42. c4 bxc4 43. Rxc4 g3 44. Rc1 Kf4 45. Kd3 g2 46. Kd4 Re2
47. Rg1 Kf3 48. b5 Rc2 49. Kd5 Kf2 50. Rxg2+ Kxg2 51. b6 Kf3 52. b7 1/2-1/2

[Event "25. Copenhagen Open  (Politiken Cup)"]
[Site "Copenhagen"]
[Date "2003.07.20"]
[Round "7"]
[White "Auchenberg, Per"]
[Black "Christoffersen, Ebbe"]
[Result "1-0"]
[WhiteElo "2075"]
[BlackElo "1737"]
[PlyCount "99"]
[EventDate "2003.07.14"]
[EventType "swiss"]
[EventRounds "11"]
[EventCountry "DEN"]
[SourceDate "2004.01.01"]

1. b3 d5 2. Bb2 Nf6 3. e3 g6 4. c4 c6 5. f4 Bg7 6. Nf3 O-O 7. Be2 b6 8. Na3 e6
9. b4 Nbd7 10. O-O c5 11. b5 Bb7 12. Qb3 Qe7 13. Rad1 Rfd8 14. d4 dxc4 15. Nxc4
Bd5 16. Ba3 Rdc8 17. Nfd2 Bf8 18. Qb1 Qd8 19. Bb2 Qc7 20. e4 Bxc4 21. Nxc4 cxd4
22. Bxd4 Bc5 23. Kh1 Rd8 24. Ba1 Bf8 25. f5 exf5 26. exf5 g5 27. Rc1 Bg7 28.
Bf3 Rac8 29. g3 Qb8 30. Bc6 Nc5 31. Be5 Rc7 32. Rcd1 Nfd7 33. Bxc7 Qxc7 34. Qc2
Ne5 35. Rxd8+ Qxd8 36. Nxe5 Bxe5 37. Rd1 Qe7 38. Qd2 Bc7 39. Re1 Qf6 40. Qd5
Kg7 41. Be8 g4 42. Qc4 h5 43. Qd5 Bd6 44. Bxf7 h4 45. Be6 Bb8 46. Qc4 Qg5 47.
f6+ Kf8 48. Qxg4 Qxg4 49. Bxg4 hxg3 50. Bh5 1-0

[Event "25. Copenhagen Open  (Politiken Cup)"]
[Site "Copenhagen"]
[Date "2003.07.20"]
[Round "7"]
[White "Baark, Mathias"]
[Black "Christoffersen, Jan"]
[Result "1-0"]
[WhiteElo "1800"]
[BlackElo "1398"]
[PlyCount "137"]
[EventDate "2003.07.14"]
[EventType "swiss"]
[EventRounds "11"]
[EventCountry "DEN"]
[SourceDate "2004.01.01"]

1. f4 e6 2. Nf3 Nc6 3. e3 d5 4. b3 Nf6 5. Bb5 Bd7 6. Bb2 g6 7. O-O Bg7 8. d3
Qe7 9. Bxc6 bxc6 10. d4 Ne4 11. Ba3 Qd8 12. Nbd2 Nc3 13. Qe1 Nb5 14. Bc5 Nd6
15. e4 dxe4 16. Nxe4 Bc8 17. Ne5 Bb7 18. Rd1 O-O 19. Rf3 Re8 20. g4 Nxe4 21.
Qxe4 Qd5 22. Qe3 f6 23. c4 Qd8 24. Nd3 e5 25. dxe5 fxe5 26. Nf2 Qf6 27. f5 gxf5
28. Rxf5 Qg6 29. Rg5 Qe6 30. Re1 h6 31. Rf5 Bc8 32. Rf3 Qg6 33. Qe4 Qxe4 34.
Nxe4 Bxg4 35. Rg3 Bf5 36. Nf6+ Kh8 37. Nxe8 Rxe8 38. Bd4 a5 39. Rge3 e4 40.
Bxg7+ Kxg7 41. Rd1 Kf6 42. Kf2 Ke5 43. Rg1 Rd8 44. Rg7 Kf4 45. Rxc7 Rd2+ 46.
Re2 e3+ 47. Ke1 Rd6 48. Rf7 Re6 49. Rg2 Ke4 50. Rg3 Bg6 51. Rff3 Kd3 52. Rh3 h5
53. Rh4 Kc2 54. Rhf4 Bd3 55. Rf6 Re5 56. Rxc6 e2 57. Rxd3 Kxd3 58. Rd6+ Ke3 59.
Rd2 Kf3 60. Rc2 Kg2 61. Rxe2+ Rxe2+ 62. Kxe2 Kxh2 63. Kf2 Kh3 64. Kg1 Kg4 65.
a3 Kf5 66. b4 a4 67. b5 Ke5 68. b6 Kd6 69. c5+ 1-0

[Event "25. Copenhagen Open  (Politiken Cup)"]
[Site "Copenhagen"]
[Date "2003.07.20"]
[Round "7"]
[White "Bekker Jensen, Dorte"]
[Black "Schmidt, Horst Hubert"]
[Result "0-1"]
[WhiteElo "1593"]
[BlackElo "1870"]
[PlyCount "52"]
[EventDate "2003.07.14"]
[EventType "swiss"]
[EventRounds "11"]
[EventCountry "DEN"]
[SourceDate "2004.01.01"]

1. d4 Nf6 2. c4 e6 3. Nc3 d5 4. cxd5 exd5 5. Bg5 Be7 6. e3 O-O 7. Qc2 b6 8. Bd3
h6 9. Bf4 Na6 10. a3 c5 11. h3 cxd4 12. exd4 Bb7 13. Nf3 Rc8 14. Qa4 Nc7 15.
Qxa7 Ne6 16. Qxb7 Nxf4 17. Bf1 Re8 18. Ne5 Ne6 19. Rd1 Rc7 20. Qxb6 Bxa3 21.
Nb1 Nxd4 22. Qxd4 Rxe5+ 23. Be2 Qe7 24. Nxa3 Rxe2+ 25. Kf1 Rb7 26. Rb1 Rbxb2
0-1

[Event "25. Copenhagen Open  (Politiken Cup)"]
[Site "Copenhagen"]
[Date "2003.07.20"]
[Round "7"]
[White "Bering, Anders"]
[Black "Rasmussen, Jens"]
[Result "1-0"]
[WhiteElo "2101"]
[BlackElo "1638"]
[PlyCount "53"]
[EventDate "2003.07.14"]
[EventType "swiss"]
[EventRounds "11"]
[EventCountry "DEN"]
[SourceDate "2004.01.01"]

1. e4 c5 2. Nf3 d6 3. d4 cxd4 4. Qxd4 Nf6 5. e5 Nc6 6. Bb5 Qa5+ 7. Nc3 Nd7 8.
Bxc6 bxc6 9. exd6 exd6 10. O-O h6 11. Re1+ Kd8 12. Qc4 Bb7 13. Qxf7 Kc7 14. b4
Qxb4 15. Bd2 Qc5 16. Rab1 Rd8 17. Na4 Qd5 18. Qxd5 cxd5 19. Ba5+ Nb6 20. Nxb6
Kc6 21. Nxd5 Rd7 22. c4 Kc5 23. Rb5+ Kxc4 24. Reb1 Ba6 25. Ne3+ Kd3 26. Rd5+
Ke4 27. Rd4# 1-0

[Event "25. Copenhagen Open  (Politiken Cup)"]
[Site "Copenhagen"]
[Date "2003.07.20"]
[Round "7"]
[White "Bjornes, Leif"]
[Black "Petersen, Nils"]
[Result "1/2-1/2"]
[WhiteElo "1652"]
[BlackElo "2009"]
[PlyCount "67"]
[EventDate "2003.07.14"]
[EventType "swiss"]
[EventRounds "11"]
[EventCountry "DEN"]
[SourceDate "2004.01.01"]

1. d4 Nf6 2. c4 e6 3. Nc3 Bb4 4. a3 Bxc3+ 5. bxc3 O-O 6. f3 d5 7. cxd5 exd5 8.
e3 c5 9. Bd3 Qa5 10. Bd2 c4 11. Bc2 Nc6 12. Ne2 Be6 13. O-O Rae8 14. Ng3 Qc7
15. e4 Nd7 16. Ne2 f5 17. Bf4 Qc8 18. Bd6 Rf6 19. e5 Rh6 20. f4 Qd8 21. Qe1 Nf6
22. exf6 Qxd6 23. fxg7 Bc8 24. Qf2 Kxg7 25. Ng3 Ne7 26. Rfe1 Rf8 27. Re3 Ng6
28. Ne2 Bd7 29. g3 Rf7 30. Kh1 Re7 31. Ng1 Rxe3 32. Qxe3 Qe7 33. Qxe7+ Nxe7 34.
Nf3 1/2-1/2

[Event "25. Copenhagen Open  (Politiken Cup)"]
[Site "Copenhagen"]
[Date "2003.07.20"]
[Round "7"]
[White "Brinck Claussen, Bjorn"]
[Black "Byklum, Bjornar"]
[Result "0-1"]
[WhiteElo "2355"]
[BlackElo "2214"]
[PlyCount "76"]
[EventDate "2003.07.14"]
[EventType "swiss"]
[EventRounds "11"]
[EventCountry "DEN"]
[SourceDate "2004.01.01"]

1. e4 c5 2. Nf3 e6 3. d4 cxd4 4. Nxd4 Nf6 5. Nc3 d6 6. g4 h6 7. g5 hxg5 8. Bxg5
Be7 9. Qd2 a6 10. O-O-O b5 11. a3 Bb7 12. Bg2 Nbd7 13. f4 Qb6 14. h4 Rd8 15.
Qe2 Rc8 16. Rh3 Rc4 17. Nb3 e5 18. f5 Qc7 19. Nd2 Rc6 20. Kb1 Nb6 21. Bf1 Nc4
22. Bxf6 Bxf6 23. Nd5 Qd8 24. Nxc4 Rxc4 25. Qe3 Bxd5 26. Rxd5 Rd4 27. h5 Rxd5
28. exd5 Qc7 29. a4 bxa4 30. Qe4 Ke7 31. Qxa4 a5 32. Rc3 Qa7 33. Rc6 Rb8 34.
Qa3 Kf8 35. h6 Kg8 36. hxg7 e4 37. c3 Qf2 38. Ba6 e3 0-1

[Event "25. Copenhagen Open  (Politiken Cup)"]
[Site "Copenhagen"]
[Date "2003.07.20"]
[Round "7"]
[White "Bromann, Thorbjorn"]
[Black "Bohlke, Christian"]
[Result "1-0"]
[WhiteElo "2360"]
[BlackElo "2205"]
[PlyCount "49"]
[EventDate "2003.07.14"]
[EventType "swiss"]
[EventRounds "11"]
[EventCountry "DEN"]
[SourceDate "2004.01.01"]

1. e4 e6 2. d4 d5 3. Nc3 Nf6 4. Bg5 Be7 5. e5 Nfd7 6. Bxe7 Qxe7 7. f4 a6 8. Nf3
c5 9. dxc5 Qxc5 10. Qd2 b5 11. Bd3 Nc6 12. Ne2 Nb6 13. b3 a5 14. Ng3 O-O 15.
Nh5 f5 16. exf6 gxf6 17. f5 e5 18. Qh6 Qe7 19. O-O Ba6 20. Nh4 Kf7 21. Ng6 Qc5+
22. Kh1 hxg6 23. fxg6+ Ke6 24. g7 Rf7 25. Nxf6 1-0

[Event "25. Copenhagen Open  (Politiken Cup)"]
[Site "Copenhagen"]
[Date "2003.07.20"]
[Round "7"]
[White "Brondum, Eric"]
[Black "Hagesaether, Arne"]
[Result "1/2-1/2"]
[WhiteElo "2198"]
[BlackElo "2088"]
[PlyCount "38"]
[EventDate "2003.07.14"]
[EventType "swiss"]
[EventRounds "11"]
[EventCountry "DEN"]
[SourceDate "2004.01.01"]

1. d4 Nf6 2. c4 g6 3. Nc3 Bg7 4. e4 d6 5. Nf3 O-O 6. h3 Nbd7 7. Bg5 h6 8. Be3
e5 9. d5 Nc5 10. Nd2 a5 11. g4 Ne8 12. Rg1 Kh8 13. Qc2 Qe7 14. O-O-O Bd7 15.
Be2 f5 16. f3 f4 17. Bf2 Bf6 18. Rh1 Rb8 19. h4 Bg7 1/2-1/2

[Event "25. Copenhagen Open  (Politiken Cup)"]
[Site "Copenhagen"]
[Date "2003.07.20"]
[Round "7"]
[White "Brondum, Jan Kraul"]
[Black "Hansen, Erik Friberg"]
[Result "1-0"]
[WhiteElo "1569"]
[BlackElo "1220"]
[PlyCount "51"]
[EventDate "2003.07.14"]
[EventType "swiss"]
[EventRounds "11"]
[EventCountry "DEN"]
[SourceDate "2004.01.01"]

1. e4 c5 2. b3 Nc6 3. Bb2 d6 4. Nf3 e5 5. Bb5 Bd7 6. a4 Nf6 7. Nc3 a6 8. Be2
Be6 9. d3 Be7 10. O-O O-O 11. Ng5 Nd4 12. Nxe6 Nxe6 13. Qd2 Nd4 14. Bd1 Nd7 15.
f4 f5 16. Nd5 Bf6 17. fxe5 Bxe5 18. c3 Nc6 19. d4 cxd4 20. cxd4 Bf6 21. Rxf5
Nb6 22. Nxf6+ gxf6 23. Bc2 Qe8 24. Re1 Qg6 25. Rf3 Qe8 26. Qh6 1-0

[Event "25. Copenhagen Open  (Politiken Cup)"]
[Site "Copenhagen"]
[Date "2003.07.20"]
[Round "7"]
[White "Christensen, Henrik"]
[Black "Jensen, Sren"]
[Result "1-0"]
[WhiteElo "1802"]
[BlackElo "1565"]
[PlyCount "69"]
[EventDate "2003.07.14"]
[EventType "swiss"]
[EventRounds "11"]
[EventCountry "DEN"]
[SourceDate "2004.01.01"]

1. e4 g6 2. Nc3 Bg7 3. f4 d6 4. Nf3 Nc6 5. Bc4 Nf6 6. O-O Na5 7. Bd3 Bg4 8. h3
Bxf3 9. Qxf3 c5 10. Bb5+ Nd7 11. d3 a6 12. Bxd7+ Qxd7 13. Nd5 Qc6 14. f5 Bd4+
15. Kh1 gxf5 16. Qxf5 Rf8 17. Bh6 e6 18. Nf6+ Kd8 19. Qg5 Kc7 20. Bxf8 Rxf8 21.
c3 Bxf6 22. Qxf6 Qd7 23. Qg7 Qe7 24. Rf2 Nc6 25. Raf1 Nd8 26. d4 cxd4 27. cxd4
h5 28. d5 Kb8 29. Rc1 exd5 30. exd5 Re8 31. Rfc2 Qe4 32. Qf6 Rg8 33. Rc8+ Ka7
34. Qf2+ b6 35. R1c7+ 1-0

[Event "25. Copenhagen Open  (Politiken Cup)"]
[Site "Copenhagen"]
[Date "2003.07.20"]
[Round "7"]
[White "Christensen, Stefan"]
[Black "Nyback, Tomi"]
[Result "1/2-1/2"]
[WhiteElo "2221"]
[BlackElo "2483"]
[PlyCount "85"]
[EventDate "2003.07.14"]
[EventType "swiss"]
[EventRounds "11"]
[EventCountry "DEN"]
[SourceDate "2004.01.01"]

1. e4 g6 2. d4 Bg7 3. Nc3 d6 4. f4 a6 5. Nf3 b5 6. Bd3 Nd7 7. e5 c5 8. e6 fxe6
9. Ng5 Bxd4 10. Nxh7 Nf8 11. Nxf8 Kxf8 12. Bxg6 Bxc3+ 13. bxc3 Nf6 14. O-O Bb7
15. f5 e5 16. Bg5 c4 17. Qd2 Qb6+ 18. Be3 Qc6 19. Bh6+ Kg8 20. Rf3 Qc5+ 21. Be3
Qd5 22. Qc1 Qe4 23. Rg3 Qh4 24. Bh5+ Qxg3 25. hxg3 Rxh5 26. Bg5 Ne4 27. Bxe7
Nxg3 28. Kf2 Nxf5 29. Qd1 Ng7 30. Qxd6 Re8 31. Qc7 Be4 32. Rd1 Rf5+ 33. Ke3
Bxc2 34. Rd8 Rxd8 35. Qxd8+ Kf7 36. Bb4 Rf4 37. Qd5+ Kg6 38. Qc6+ Rf6 39. Qc8
e4 40. Qg4+ Kf7 41. Qd7+ Kg6 42. Qg4+ Kf7 43. Qd7+ 1/2-1/2

[Event "25. Copenhagen Open  (Politiken Cup)"]
[Site "Copenhagen"]
[Date "2003.07.20"]
[Round "7"]
[White "Christensen, Tobias"]
[Black "Koneru, Humpy"]
[Result "0-1"]
[WhiteElo "2371"]
[BlackElo "2468"]
[PlyCount "138"]
[EventDate "2003.07.14"]
[EventType "swiss"]
[EventRounds "11"]
[EventCountry "DEN"]
[SourceDate "2004.01.01"]

1. d4 Nf6 2. c4 e6 3. Nc3 Bb4 4. Qc2 c5 5. dxc5 Bxc5 6. Nf3 Qb6 7. e3 Qc7 8.
Be2 a6 9. O-O Be7 10. Bd2 d6 11. Rac1 Nbd7 12. Ne4 O-O 13. Nxf6+ Nxf6 14. Bc3
h6 15. b3 Bd7 16. a4 b6 17. Qb2 Rfc8 18. Nd2 Qd8 19. Bf3 Rab8 20. Ne4 Ne8 21.
Rfd1 Bf8 22. Qd2 Bc6 23. Bb4 Rb7 24. Qe2 Rd7 25. Nc3 Bxf3 26. Qxf3 Qc7 27. Ne2
Qb8 28. Nd4 Rdc7 29. Rb1 Nf6 30. Ne2 d5 31. Bxf8 Kxf8 32. cxd5 Nxd5 33. Nf4 Nf6
34. Nh5 Nxh5 35. Qxh5 Rc5 36. Qh4 Qc7 37. h3 Kg8 38. Rd3 Qe5 39. Rbd1 Rc1 40.
Qd4 Qxd4 41. Rxd4 Rxd1+ 42. Rxd1 Rc3 43. Rd8+ Kh7 44. Rb8 Rxb3 45. a5 Rb1+ 46.
Kh2 Rf1 47. Rxb6 Rxf2 48. Kg3 Ra2 49. Rxa6 g5 50. Kf3 h5 51. Ra8 h4 52. a6 Kg6
53. Ke4 Kf6 54. a7 Ra4+ 55. Kf3 Kf5 56. e4+ Kf6 57. Kf2 Ke5 58. Rg8 Rxa7 59.
Rxg5+ Kxe4 60. Rg4+ Kd3 61. Rxh4 e5 62. Rb4 Ra2+ 63. Kf3 f5 64. Rb3+ Kc4 65.
Rb1 e4+ 66. Kf4 Rf2+ 67. Ke5 e3 68. g4 e2 69. Re1 f4 0-1